|
|
|
|
| LEADER |
00717nam a2200205 i 4500 |
| 001 |
misc58173 |
| 005 |
20210617135339.0 |
| 008 |
210617s1929 hu o 0|| hun d |
| 040 |
|
|
|a SZTE Miscellanea Repozitórium
|b hun
|
| 041 |
|
|
|a hun
|
| 100 |
1 |
|
|a Dugonics András
|
| 245 |
1 |
0 |
|a Dugonics András szegedi monográfiája
|h [elektronikus dokumentum] /
|c Dugonics András
|
| 260 |
|
|
|a Hírlapkiadó Vállalat
|b Szeged, Magyarország
|c 1929
|
| 300 |
|
|
|a 32 p.
|c 23 cm
|
| 650 |
|
4 |
|a Bölcsészettudományok
|
| 650 |
|
4 |
|a Történettudomány és régészet
|
| 650 |
|
4 |
|a Történettudomány
|
| 695 |
|
|
|a Szeged története
|
| 700 |
0 |
1 |
|a Lugosi Döme
|
| 856 |
4 |
0 |
|u http://misc.bibl.u-szeged.hu/58173/1/xb_143088.pdf
|z Dokumentum-elérés
|